000 00532nam a2200169Ia 4500
003 GCL
008 140319s9999 xx 000 0 ara d
040 _aGCL /
_cGCL
082 0 4 _a541.2
_bح ت
100 1 _aعصام جرجيس سلومى (مترجم)
245 1 0 _aالتطبيقات الكيمياوية لنظرية المجموعة /
_cعصام جرجيس سلومى (مترجم)
260 _a[S.N] :
_bجامعة الموصل ،
_c1984
300 _a446 ص
490 _a
650 0 4 _aالكيمياء
942 _2ddc
_cBK
999 _c52684
_d52684